[Event "Titled Tue 1st Jul Early"]
[Site "chess.com INT"]
[Date "2025.07.01"]
[Round "8"]
[White "Ivannikov, Maksim"]
[Black "Grebeniuk, Semen"]
[Result "1-0"]
[WhiteTitle "CM"]
[WhiteElo "2184"]
[BlackElo "2324"]
[WhiteFideId "34275339"]
[BlackFideId "14117509"]
[EventDate "2025.07.01"]

1. e4 c5 2. Nf3 Nc6 3. d4 cxd4 4. Nxd4 g6 5. Nc3 Bg7 6. Be3 Nf6 7. f3 O-O 8. Bc4
d5 9. exd5 Na5 10. Be2 Nxd5 11. Nxd5 Qxd5 12. O-O Nc4 13. Bxc4 Qxc4 14. c3 e5
15. Qb3 Qxb3 16. Nxb3 Be6 17. Nc5 Bd5 18. Rad1 Rfd8 19. Rd2 b6 20. Rfd1 bxc5 21.
Rxd5 Rxd5 22. Rxd5 c4 23. Rc5 Rb8 24. Rxc4 h6 25. Bxa7 Rxb2 26. a4 f5 27. a5 Ra2
28. Bb6 e4 29. fxe4 fxe4 30. Rc8+ Kf7 31. Rc7+ Kg8 32. Kf1 e3 33. Bxe3 Rxa5 34.
Rc8+ Kh7 35. Rc7 Kg8 36. Ke2 Be5 37. Rc8+ Kg7 38. h3 Ra2+ 39. Kf3 g5 40. Ke4 Bf6
41. g3 Rh2 42. Kf5 Be7 43. Rc7 Kf8 44. Bd4 Bd6 45. Rd7 Bxg3 46. Bf6 Rf2+ 47. Kg6
Re2 48. c4 Re8 49. c5 Be5 50. c6 Bxf6 51. Kxf6 Rc8 52. c7 Ke8 53. Rh7 h5 54.
Kxg5 h4 55. Kxh4 Kf8 56. Rh8+ 1-0

[Event "Titled Tue 1st Jul Early"]
[Site "chess.com INT"]
[Date "2025.07.01"]
[Round "8"]
[White "Materia, Marco"]
[Black "Munoz, Francisco Javier"]
[Result "1-0"]
[WhiteTitle "IM"]
[BlackTitle "FM"]
[WhiteElo "2493"]
[BlackElo "2389"]
[WhiteFideId "45150451"]
[BlackFideId "128368"]
[EventDate "2025.07.01"]

1. Nf3 Nf6 2. c4 g6 3. Nc3 Bg7 4. d4 O-O 5. Bg5 c5 6. d5 h6 7. Bh4 d6 8. e3 e5
9. Nd2 a6 10. a4 Qe8 11. a5 Nh7 12. Nde4 Qd7 13. Na4 Qc7 14. Nb6 Ra7 15. g4 f5
16. gxf5 Bxf5 17. Bd3 Nd7 18. Be7 Nxb6 19. Bxd6 Qd8 20. axb6 Bxe4 21. Bxe4 Qxd6
22. bxa7 Ng5 23. Qc2 Qb6 24. Bxg6 Nf3+ 25. Ke2 Qxa7 26. Bf5 e4 27. Bxe4 Ng5 28.
Bf5 Qb6 29. f4 Rxf5 30. fxg5 Re5 31. Rhg1 hxg5 32. Raf1 Qh6 33. Kd1 Rxe3 34. Qf5
Qh5+ 35. Qg4 Qg6 36. Qc8+ Kh7 37. Qf5 Re4 38. Rxg5 Rd4+ 39. Ke2 Re4+ 40. Kd3
Rd4+ 41. Ke2 Re4+ 42. Kf3 Qxf5+ 43. Rxf5 Rxc4 44. Rd1 Rd4 45. Rxd4 Bxd4 46. d6
Kg6 47. Rd5 Bf6 48. d7 Bd8 49. Rxc5 Kf7 50. Rd5 Ke6 51. Ke4 b5 52. Rd3 a5 53. h4
Bxh4 54. d8=Q Bxd8 55. Rxd8 1-0

[Event "Titled Tue 1st Jul Early"]
[Site "chess.com INT"]
[Date "2025.07.01"]
[Round "8"]
[White "Fandi, Mazen"]
[Black "Manukian, Artak"]
[Result "1-0"]
[WhiteTitle "FM"]
[WhiteElo "2302"]
[BlackElo "2104"]
[WhiteFideId "7611625"]
[BlackFideId "13301373"]
[EventDate "2025.07.01"]

1. e4 c6 2. d4 d5 3. Nc3 dxe4 4. Nxe4 Nf6 5. Nxf6+ exf6 6. c3 Bd6 7. Bd3 O-O 8.
Qc2 h5 9. Ne2 Qc7 10. h3 c5 11. O-O Nc6 12. Be3 cxd4 13. Nxd4 Nxd4 14. Bxd4 Be5
15. Be3 Rd8 16. Rad1 Be6 17. Qe2 Rxd3 18. Qxd3 Bc4 19. Qd7 Bxf1 20. Qxc7 Bxc7
21. Kxf1 Bb6 22. Bxb6 axb6 23. Rd6 Rxa2 24. Rxb6 Ra7 25. Ke2 Kf8 26. Kd3 Ke7 27.
Kc4 h4 28. Kb3 g5 29. Kc4 f5 30. Kd5 f6 31. b4 Kf7 32. c4 Kg6 33. c5 g4 34. b5
Ra2 35. c6 bxc6+ 36. bxc6 Rxf2 37. c7 Rd2+ 38. Ke6 Rc2 39. Kd7 Rxc7+ 40. Kxc7
Kg5 41. Kd6 f4 42. hxg4 Kxg4 43. Rb3 Kf5 44. Rf3 1-0

[Event "Titled Tue 1st Jul Early"]
[Site "chess.com INT"]
[Date "2025.07.01"]
[Round "8"]
[White "Movahed, Sina"]
[Black "Nihal, Sarin"]
[Result "1-0"]
[WhiteTitle "GM"]
[BlackTitle "GM"]
[WhiteElo "2558"]
[BlackElo "2692"]
[WhiteFideId "42520835"]
[BlackFideId "25092340"]
[EventDate "2025.07.01"]

1. e4 e5 2. Nf3 Nf6 3. Nxe5 d6 4. Nf3 Nxe4 5. Nc3 Nf6 6. d4 Be7 7. Bd3 O-O 8.
O-O Bg4 9. h3 Bh5 10. Re1 Nc6 11. g4 Bg6 12. Bxg6 fxg6 13. d5 Ne5 14. Nd4 Qd7
15. f4 Nf7 16. g5 Nh5 17. Qg4 Rfd8 18. Ne4 Bf8 19. c4 c6 20. Be3 cxd5 21. Qxd7
Rxd7 22. cxd5 Re8 23. Nc3 a6 24. Kf2 Rde7 25. Ne6 Nd8 26. Nxd8 Rxd8 27. Bb6 Rc8
28. Rxe7 Bxe7 29. Re1 Kf7 30. Kf3 Ke8 31. Re4 Kd7 32. h4 h6 33. a4 Rf8 34. Kg4
hxg5 35. hxg5 Rc8 36. a5 Bf6 37. Re6 Bxc3 38. bxc3 Rxc3 39. Rxg6 Ng3 40. Rxg7+
Ke8 41. g6 Ne4 42. Kf5 Nc5 43. Rc7 1-0

[Event "Titled Tue 1st Jul Early"]
[Site "chess.com INT"]
[Date "2025.07.01"]
[Round "8"]
[White "Sarasketa Irastortza, Oier"]
[Black "Klukin, Kirill"]
[Result "1/2-1/2"]
[WhiteTitle "CM"]
[BlackTitle "IM"]
[WhiteElo "2140"]
[BlackElo "2401"]
[WhiteFideId "54728207"]
[BlackFideId "24199273"]
[EventDate "2025.07.01"]

1. d4 Nf6 2. c4 Nc6 3. Nf3 e6 4. a3 d6 5. g3 g6 6. Bg2 Bg7 7. Nc3 O-O 8. O-O a6
9. e4 e5 10. dxe5 dxe5 11. Qxd8 Rxd8 12. Bg5 Re8 13. Nd5 Nxd5 14. cxd5 Nd4 15.
Nxd4 exd4 16. Rac1 c6 17. dxc6 bxc6 18. Rfd1 Bg4 19. Rd2 h6 20. Bf4 Rac8 21. Bd6
a5 22. h3 Bd7 23. Bc5 Be6 24. Bxd4 Red8 25. Rcd1 Bxd4 26. Rxd4 Rxd4 27. Rxd4 c5
28. Rd2 c4 29. Rc2 Rd8 30. Bf1 Rd1 31. g4 Rb1 32. Kg2 g5 33. Bxc4 Bxc4 34. Rxc4
Rxb2 35. Rc5 Kg7 36. Rxa5 Ra2 37. Ra6 Ra1 38. a4 Ra3 39. a5 Ra4 40. f3 Ra3 41.
Ra8 Ra2+ 42. Kg3 Kf6 43. Rh8 Kg7 44. Ra8 Kf6 45. f4 Ra3+ 46. Kg2 gxf4 47. Ra6+
Kg5 48. Rd6 Ra2+ 49. Kf3 Ra3+ 50. Kg2 Ra2+ 51. Kf3 Ra3+ 52. Kg2 1/2-1/2

[Event "Titled Tue 1st Jul Early"]
[Site "chess.com INT"]
[Date "2025.07.01"]
[Round "8"]
[White "Zhukov, Ivan"]
[Black "Ravshanov, Sheralijon"]
[Result "1-0"]
[WhiteTitle "CM"]
[BlackTitle "CM"]
[WhiteElo "2044"]
[BlackElo "2156"]
[WhiteFideId "54114748"]
[BlackFideId "14212170"]
[EventDate "2025.07.01"]

1. d4 Nf6 2. c4 e6 3. Nc3 d5 4. cxd5 exd5 5. Bg5 Be7 6. Qc2 O-O 7. e3 c5 8. Nf3
Nc6 9. dxc5 d4 10. Rd1 Bxc5 11. Be2 h6 12. Bf4 Nb4 13. Qb3 Be6 14. Bc4 dxc3 15.
Rxd8 Rfxd8 16. Bxe6 Nd3+ 17. Ke2 cxb2 18. Bxf7+ Kf8 19. Qb5 Nc1+ 20. Ke1 Kxf7
21. Ne5+ Kg8 22. Qxb2 Rac8 23. a3 Bb6 24. g3 Nd5 25. Kf1 Nxf4 26. gxf4 Nd3 27.
Qb3+ Kh7 28. Nxd3 Ba5 29. Qb1 Kh8 30. Kg2 Rc3 31. Ne5 Rd2 32. Rd1 Rcc2 33. Rxd2
Rxd2 34. Qxb7 Bb6 35. Qc8+ Kh7 36. Qf5+ Kh8 37. Kf3 Rd1 38. Nc4 Rd8 39. Nxb6
axb6 40. Qb5 Rg8 41. Qxb6 Kh7 42. a4 h5 43. a5 h4 44. a6 h3 45. a7 g5 46. Qb1+
Kh6 47. fxg5+ Kh5 48. Qh7+ Kxg5 49. Qxg8+ Kh5 50. a8=Q Kh6 51. Qc6+ Kh5 52.
Qcg6+ 1-0

[Event "Titled Tue 1st Jul Early"]
[Site "chess.com INT"]
[Date "2025.07.01"]
[Round "8"]
[White "Kozak, Adam"]
[Black "Bok, Benjamin"]
[Result "1/2-1/2"]
[WhiteTitle "GM"]
[BlackTitle "GM"]
[WhiteElo "2589"]
[BlackElo "2593"]
[WhiteFideId "753246"]
[BlackFideId "1017063"]
[EventDate "2025.07.01"]

1. a3 d5 2. d4 Nf6 3. Nf3 Bf5 4. Bf4 e6 5. e3 Bd6 6. Bxd6 cxd6 7. c4 O-O 8. Nc3
dxc4 9. Bxc4 Nbd7 10. O-O h6 11. Bd3 Bxd3 12. Qxd3 d5 13. Rfc1 Rc8 14. Na4 Qa5
15. Qd1 Ne4 16. b4 Qa6 17. Nc5 Ndxc5 18. dxc5 b6 19. c6 b5 20. Nd4 Qb6 21. a4 a6
22. axb5 axb5 23. Qc2 Rc7 24. Ra5 Nd6 25. Qc5 Qxc5 26. Rxc5 Rfc8 27. f4 Kf8 28.
Kf1 Ke7 29. Ke2 f6 30. Nxb5 Nxb5 31. Raxb5 Rxc6 32. Rb7+ Kd6 33. Rxc6+ Rxc6 34.
Rxg7 Rc2+ 35. Kf3 Rc3 36. Rg6 f5 37. Rg8 Rb3 38. Rb8 Ke7 39. b5 d4 40. b6 Rxe3+
41. Kf2 Rb3 42. b7 Kd7 43. h4 Kc6 44. Rd8 Rxb7 45. Rxd4 Rd7 46. Rxd7 Kxd7 47.
Ke3 h5 48. Kd4 Kd6 49. g3 Kd7 50. Kc5 Kc7 51. Kb5 Kd6 52. Kc4 e5 53. fxe5+ Kxe5
54. Kd3 f4 55. gxf4+ Kxf4 56. Ke2 Kg4 57. Kf2 Kxh4 58. Kg2 Kg4 59. Kh1 h4 60.
Kg1 h3 61. Kh1 Kh4 62. Kg1 Kg3 63. Kh1 h2 1/2-1/2

[Event "Titled Tue 1st Jul Early"]
[Site "chess.com INT"]
[Date "2025.07.01"]
[Round "8"]
[White "Dyachuk, Artem"]
[Black "Shimanov, Aleksandr"]
[Result "0-1"]
[WhiteTitle "FM"]
[BlackTitle "GM"]
[WhiteElo "2305"]
[BlackElo "2578"]
[WhiteFideId "34107924"]
[BlackFideId "4198603"]
[EventDate "2025.07.01"]

1. e4 e5 2. Nf3 Nc6 3. Bb5 a6 4. Ba4 Nf6 5. O-O b5 6. Bb3 Bc5 7. c3 d6 8. d4 Bb6
9. a4 Rb8 10. axb5 axb5 11. Qd3 O-O 12. Qxb5 Bd7 13. Qd3 Bg4 14. Nbd2 Qe7 15. d5
Nd8 16. Bc2 Nd7 17. b4 f5 18. Nc4 fxe4 19. Qxe4 Nf6 20. Qe2 Nxd5 21. Nxb6 Rxb6
22. Bxh7+ Kh8 23. Bc2 Bxf3 24. gxf3 Qh4 25. Qe4 Qxe4 26. fxe4 Nxc3 27. Be3 Rxb4
28. Ra7 Ne6 29. Rfa1 Ne2+ 30. Kf1 N2d4 31. Bd1 Rb2 32. Bg4 Nc5 33. Ra8 Rxa8 34.
Rxa8+ Kh7 35. Kg2 Rb4 36. Rc8 Nxe4 37. Rxc7 Nf6 38. Bc8 Kg6 39. Ra7 Nf5 40.
Bxf5+ Kxf5 41. Rxg7 d5 42. Rg5+ Ke6 43. Bc5 Rc4 44. Ba3 d4 45. Rg7 d3 46. Re7+
Kf5 47. Kf3 Re4 48. Rf7 d2 0-1

[Event "Titled Tue 1st Jul Early"]
[Site "chess.com INT"]
[Date "2025.07.01"]
[Round "8"]
[White "Hansen, Eric"]
[Black "Zlatkov, Anton"]
[Result "1-0"]
[WhiteTitle "GM"]
[BlackTitle "FM"]
[WhiteElo "2609"]
[BlackElo "2330"]
[WhiteFideId "2606771"]
[BlackFideId "15005402"]
[EventDate "2025.07.01"]

1. e4 c5 2. Nf3 d6 3. d4 cxd4 4. Nxd4 Nf6 5. Nc3 Nc6 6. Qd3 e6 7. Be2 a6 8. O-O
Be7 9. Nxc6 bxc6 10. Qg3 O-O 11. Rd1 e5 12. Bc4 Be6 13. Bh6 Nh5 14. Qf3 Bxc4 15.
Qxh5 gxh6 16. Qxh6 Kh8 17. b3 Be6 18. Rd3 Rg8 19. Qd2 Rg6 20. Rd1 Qg8 21. g3 f5
22. Rxd6 Bxd6 23. Qxd6 Qg7 24. exf5 Bxf5 25. Qc5 Rf8 26. Rd2 h5 27. Nd1 Kh7 28.
Ne3 Bh3 29. Qc4 Qf6 30. Qe4 Bf5 31. Qc4 Bh3 32. Qe4 Bf5 33. Qc4 Bc8 34. Qe4 Kg7
35. a4 Bg4 36. a5 Rf7 37. Qc4 Bf3 38. h4 e4 39. Kh2 c5 40. Qxc5 Qc6 41. Qe5+ Qf6
42. Qc5 Kh7 43. c4 Rgg7 44. Rd6 Qe7 45. Nf5 Rxf5 46. Qxf5+ Kg8 47. Rxa6 Qd7 48.
Ra8+ 1-0

[Event "Titled Tue 1st Jul Early"]
[Site "chess.com INT"]
[Date "2025.07.01"]
[Round "8"]
[White "Galaktionov, Artem"]
[Black "Erdogmus, Yagiz Kaan"]
[Result "1-0"]
[WhiteTitle "FM"]
[BlackTitle "GM"]
[WhiteElo "2360"]
[BlackElo "2626"]
[WhiteFideId "24175471"]
[BlackFideId "44599790"]
[EventDate "2025.07.01"]

1. d4 Nf6 2. c4 b6 3. Nf3 Bb7 4. g3 g6 5. Bg2 Bg7 6. Nc3 O-O 7. d5 Na6 8. O-O
Nc5 9. Nd4 e6 10. b4 Na6 11. Rb1 e5 12. Nc2 d6 13. e4 Nb8 14. Bd2 Bc8 15. f4
exf4 16. gxf4 Re8 17. h3 Nh5 18. Qf3 Nd7 19. Rbe1 a5 20. a3 axb4 21. axb4 Kh8
22. Nb5 Ra2 23. Qb3 Rb2 24. Qd3 Qh4 25. Nxc7 Rd8 26. Nb5 Ndf6 27. Nbd4 Ng3 28.
Rf3 Nfh5 29. Kh2 f5 30. Rxg3 Nxg3 31. Qxg3 Qxg3+ 32. Kxg3 Bxd4 33. Nxd4 Rxd2 34.
Nc6 Rf8 35. e5 dxe5 36. Nxe5 g5 37. fxg5 f4+ 38. Kf3 Bf5 39. h4 Rd4 40. Kf2 Ra8
41. c5 bxc5 42. bxc5 Ra2+ 43. Re2 Rdd2 44. Rxd2 Rxd2+ 45. Kg1 Kg7 46. d6 Kf8 47.
Bf3 Kg7 48. Kf1 Kf8 49. Ke1 Rd4 50. Kf2 Be6 51. Bb7 Bf5 52. Kf3 Bg6 53. Nxg6+
hxg6 54. c6 1-0

[Event "Titled Tue 1st Jul Early"]
[Site "chess.com INT"]
[Date "2025.07.01"]
[Round "8"]
[White "Campos Gomez, Manuel"]
[Black "Ter-Sahakyan, Samvel"]
[Result "0-1"]
[WhiteTitle "IM"]
[BlackTitle "GM"]
[WhiteElo "2359"]
[BlackElo "2611"]
[WhiteFideId "4444710"]
[BlackFideId "13302531"]
[EventDate "2025.07.01"]

1. Nf3 d5 2. g3 c5 3. Bg2 Nc6 4. d4 e6 5. O-O cxd4 6. Nxd4 Nge7 7. c4 Nxd4 8.
Qxd4 Nc6 9. Qd3 d4 10. e3 Bc5 11. Rd1 e5 12. Nc3 O-O 13. Nd5 Bg4 14. Re1 Qd7 15.
a3 a5 16. exd4 Bxd4 17. Be3 Rae8 18. Bxd4 Nxd4 19. b4 Bf5 20. Qd2 Nb3 21. Qg5 f6
22. Qe3 Nxa1 23. Rxa1 axb4 24. axb4 Kh8 25. h4 e4 26. Kh2 Qc6 27. Bf1 Be6 28. b5
Qd6 29. Nf4 Bf7 30. c5 Qe5 31. Ra7 Re7 32. Qa3 Rfe8 33. Ng2 Rc7 34. b6 Rxc5 35.
Rxb7 Bd5 36. Rxg7 Bc4 37. Qa7 Bg8 38. Ne3 Ra5 39. Qd7 Ra2 40. Bc4 Rxf2+ 41. Kg1
Rf3 42. Bxg8 Rxg3+ 43. Rxg3 Qxg3+ 44. Ng2 Rxg8 45. Qd2 e3 46. Qe2 Qf2+ 47. Qxf2
exf2+ 48. Kxf2 Rb8 0-1

[Event "Titled Tue 1st Jul Early"]
[Site "chess.com INT"]
[Date "2025.07.01"]
[Round "8"]
[White "Shinkarev, Mikhailo"]
[Black "Souleidis, Georgios"]
[Result "1/2-1/2"]
[WhiteTitle "IM"]
[BlackTitle "IM"]
[WhiteElo "2109"]
[BlackElo "2418"]
[WhiteFideId "4145348"]
[BlackFideId "4206827"]
[EventDate "2025.07.01"]

1. c4 Nf6 2. g3 g6 3. Bg2 Bg7 4. Nc3 O-O 5. d4 d6 6. e3 Nbd7 7. Nge2 e5 8. O-O
Re8 9. b3 h5 10. h3 Nf8 11. a4 N8h7 12. e4 exd4 13. Nxd4 a5 14. Bf4 Nd7 15. Qd2
Nc5 16. Rab1 Bxd4 17. Qxd4 Ne6 18. Qd2 Nxf4 19. Qxf4 Be6 20. Rbd1 Qf6 21. Qxf6
Nxf6 22. Nb5 Re7 23. Rd2 Rc8 24. Rc1 b6 25. f3 Nd7 26. Na7 Ra8 27. Nc6 Ree8 28.
f4 Nc5 29. Rc3 Rac8 30. Na7 Ra8 31. Nc6 Rac8 32. Na7 Rcd8 33. Nc6 Rd7 34. Nd4
Rf8 35. Kh2 f6 36. Nxe6 Nxe6 37. e5 Kg7 38. exd6 Rxd6 39. Rxd6 cxd6 40. Rd3 Rd8
41. f5 gxf5 42. Rd5 Kg6 43. Bf1 Nc5 44. h4 Nxb3 45. Bh3 Nc5 46. Bxf5+ Kh6 47.
Bc2 Re8 48. Rd2 Re3 49. Kh3 Rc3 50. Bf5 Rxc4 51. Rxd6 Nxa4 52. Rxf6+ Kg7 53.
Rg6+ Kf8 54. Rf6+ Kg7 55. Rg6+ Kf7 56. Rh6 Ke7 57. Rxh5 b5 58. Bd3 Rc3 59. Bxb5
Nc5 60. Rg5 a4 61. Bxa4 Nxa4 62. h5 Kf6 63. Rg6+ Kf7 64. Rg5 Nc5 65. h6 Ne4 66.
Rg7+ Kf6 67. Rg4 Rxg3+ 68. Rxg3 Nxg3 69. Kxg3 Kg6 70. h7 Kxh7 1/2-1/2

[Event "Titled Tue 1st Jul Early"]
[Site "chess.com INT"]
[Date "2025.07.01"]
[Round "8"]
[White "Deng, Henry"]
[Black "Evdokimov, Alexey"]
[Result "1-0"]
[WhiteTitle "FM"]
[BlackTitle "FM"]
[WhiteElo "2293"]
[BlackElo "2205"]
[WhiteFideId "30965454"]
[BlackFideId "24162450"]
[EventDate "2025.07.01"]

1. Nf3 Nf6 2. b3 g6 3. Bb2 Bg7 4. g3 O-O 5. Bg2 d5 6. O-O c5 7. e3 Nc6 8. d4
cxd4 9. Nxd4 Nxd4 10. Bxd4 Bg4 11. Qe1 Rc8 12. c4 dxc4 13. Bxb7 Rc7 14. Bg2 cxb3
15. axb3 Nd5 16. Bxg7 Kxg7 17. Ra4 Nf6 18. Nd2 Rc2 19. h3 Qxd2 20. Qxd2 Rxd2 21.
hxg4 Rb8 22. g5 Nd5 23. Rxa7 e6 24. Rd7 Rb2 25. Rc1 R2xb3 26. Bxd5 Rb1 27. Rxb1
Rxb1+ 28. Kg2 exd5 29. Rxd5 h6 30. gxh6+ Kxh6 31. f4 f5 32. Rd8 Re1 33. Kf2 Rb1
34. Rd2 Kg7 35. Kf3 Kf6 36. Rd6+ Kf7 37. g4 fxg4+ 38. Kxg4 Rg1+ 39. Kf3 Ra1 40.
Rb6 Ra2 41. Rd6 Ra1 42. Ke4 Ra4+ 43. Ke5 Ra3 44. e4 Ra5+ 45. Rd5 Ra6 46. Rd7+
Ke8 47. Rb7 Kf8 48. Kd5 Ke8 49. e5 Kd8 50. Rg7 Ke8 51. Ke4 Kf8 52. Rb7 Ke8 53.
Kf3 Kf8 54. Kg4 Ra1 55. Kg5 Rf1 56. Rb6 Kf7 57. Rf6+ Ke7 58. Rxg6 Rg1+ 59. Kf5
Rh1 60. Rg7+ Kf8 61. Ra7 Rh5+ 62. Ke6 Rh6+ 63. Kd5 Rb6 64. f5 Rb5+ 65. Ke4 Rb4+
66. Kf3 Ke8 67. e6 Kf8 68. f6 Rb3+ 69. Kf4 Rb8 70. Kf5 Rb5+ 71. Kg6 Rb8 72. Rh7
Kg8 73. f7+ Kf8 74. Rh8+ Ke7 75. Rxb8 Kd6 76. f8=Q+ Ke5 1-0

[Event "Titled Tue 1st Jul Early"]
[Site "chess.com INT"]
[Date "2025.07.01"]
[Round "8"]
[White "Sobek, Jaroslav"]
[Black "Kanyamarala, Trisha"]
[Result "0-1"]
[WhiteTitle "FM"]
[BlackTitle "WIM"]
[WhiteElo "2195"]
[BlackElo "2233"]
[WhiteFideId "301388"]
[BlackFideId "45004722"]
[EventDate "2025.07.01"]

1. d4 d5 2. c4 e6 3. Nc3 Nf6 4. Bg5 Be7 5. e3 O-O 6. Nf3 a6 7. cxd5 exd5 8. Bd3
Bg4 9. Qc2 h6 10. Bh4 Nbd7 11. h3 Bh5 12. g4 Bg6 13. Bxg6 fxg6 14. Qxg6 c6 15.
Ne5 Nxe5 16. dxe5 Ne4 17. Qe6+ Rf7 18. Bxe7 Qxe7 19. Qxe7 Rxe7 20. f4 Nc5 21.
O-O-O g5 22. Ne2 Ne4 23. Rhf1 Rf8 24. Nd4 Kh7 25. Nf5 Re6 26. Nd4 Re7 27. Nf5
Re6 28. Kc2 Ree8 29. b4 Rf7 30. Nd4 Ng3 31. Rf3 Ne4 32. e6 Rf6 33. f5 Rc8 34.
Nb3 b6 35. Kb2 Kg7 36. Rff1 Rff8 37. Rd4 Kf6 38. Rc1 Rfe8 39. a4 Ke5 40. a5 c5
41. Rdd1 c4 42. Nd4 bxa5 43. Nf3+ Kf6 44. bxa5 Rb8+ 45. Ka2 Rb5 46. Rc2 Rxa5+
47. Kb1 Rb8+ 48. Rb2 Nc3+ 49. Kc2 Rxb2+ 50. Kxc3 Rb3+ 0-1

[Event "Titled Tue 1st Jul Early"]
[Site "chess.com INT"]
[Date "2025.07.01"]
[Round "8"]
[White "Foldes, Marton Gabor"]
[Black "Zhou, Yuxu"]
[Result "1-0"]
[WhiteTitle "FM"]
[BlackTitle "CM"]
[WhiteElo "2295"]
[BlackElo "2197"]
[WhiteFideId "794708"]
[BlackFideId "8626421"]
[EventDate "2025.07.01"]

1. Nf3 d5 2. g3 h5 3. Bg2 h4 4. Nxh4 e5 5. d3 Nc6 6. Nc3 Be6 7. e4 dxe4 8. Bxe4
Be7 9. Nf5 Bf6 10. Qf3 Nb4 11. Ne3 c6 12. a3 Na6 13. Bxc6+ bxc6 14. Qxc6+ Bd7
15. Qxa6 Ne7 16. Ned5 Bc6 17. Nxf6+ gxf6 18. Rg1 Rxh2 19. Be3 Qd7 20. O-O-O Nf5
21. Ne4 Qe6 22. Bc5 Kd7 23. g4 Nh4 24. Be3 Kc7 25. Qa5+ Kc8 26. Qc3 Qd5 27. Rh1
Rxh1 28. Rxh1 Ng6 29. Qb4 Kc7 30. Rh7 Rb8 31. Qc5 Qxc5 32. Bxc5 Bxe4 33. dxe4
Kc6 34. Bxa7 Rb7 35. Be3 Nf8 36. Rh8 Ne6 37. Rc8+ Kd7 38. Rc3 Rb8 39. b4 Rg8 40.
f3 Rh8 41. Kb2 Ra8 42. Rd3+ Kc6 43. c4 Rb8 44. b5+ Kc7 45. Kc3 Ra8 46. Kb4 Rh8
47. a4 Rh1 48. a5 Rb1+ 49. Kc3 Ra1 50. a6 Ra3+ 51. Kc2 Ra2+ 52. Kb3 Ra1 53. c5
Rb1+ 54. Kc4 Ra1 55. b6+ Kc6 56. Rd6# 1-0

[Event "Titled Tue 1st Jul Early"]
[Site "chess.com INT"]
[Date "2025.07.01"]
[Round "8"]
[White "Tiitta, Sauli"]
[Black "Andriienko, Artom"]
[Result "0-1"]
[WhiteElo "2157"]
[BlackElo "2151"]
[WhiteFideId "502251"]
[BlackFideId "34129510"]
[EventDate "2025.07.01"]

1. g4 c6 2. d4 d5 3. h3 h5 4. g5 Bf5 5. Nc3 e6 6. Bg2 Bb4 7. a3 Bxc3+ 8. bxc3
Nd7 9. Nf3 Ne7 10. Nh4 Ng6 11. Nxf5 exf5 12. h4 Nb6 13. Qd3 Qd7 14. a4 Nc4 15.
Bh3 Ne7 16. e4 g6 17. exf5 Nxf5 18. Bxf5 Qxf5 19. Qxf5 gxf5 20. Bf4 Kd7 21. Ke2
Rhe8+ 22. Kf3 Re4 23. Rhg1 Rg8 24. Rab1 b6 25. Rg3 Rg6 26. Ra1 a5 27. Rb1 Kc8
28. Rgg1 Kb7 29. Rge1 Ka6 30. Rxe4 fxe4+ 31. Kg3 b5 32. Bc7 f6 33. Kf4 fxg5+ 34.
hxg5 Rg7 35. Bd8 h4 36. Kf5 h3 37. Kf6 Rg8 38. Be7 bxa4 39. g6 h2 40. g7 a3 41.
Bxa3 Nxa3 42. Rh1 Nxc2 43. Rxh2 Kb5 44. Rh8 Rxg7 45. Kxg7 a4 46. Rb8+ Kc4 47.
Rc8 Kxc3 48. Rxc6+ Kxd4 49. Kf6 Kd3 50. Ke5 d4 51. Ra6 a3 52. Ra4 e3 53. fxe3
dxe3 54. Kf4 e2 55. Kf3 e1=Q 0-1

[Event "Titled Tue 1st Jul Early"]
[Site "chess.com INT"]
[Date "2025.07.01"]
[Round "8"]
[White "Shandrygin, Nikita"]
[Black "Le, Tuan Minh"]
[Result "0-1"]
[WhiteTitle "FM"]
[BlackTitle "GM"]
[WhiteElo "2209"]
[BlackElo "2598"]
[WhiteFideId "24198668"]
[BlackFideId "12401153"]
[EventDate "2025.07.01"]

1. Nf3 d5 2. d4 Nf6 3. g3 g6 4. Bg2 Bg7 5. O-O O-O 6. b3 a5 7. Bb2 a4 8. Nbd2 c6
9. c4 Bf5 10. Ne5 Qa5 11. Qc1 Nbd7 12. Bc3 Qb6 13. Nxd7 Bxd7 14. b4 Bf5 15. Re1
Rfe8 16. e3 Qc7 17. b5 Qd7 18. bxc6 bxc6 19. Qa3 Red8 20. Rac1 h5 21. Bb4 e6 22.
h3 g5 23. Rc3 g4 24. h4 Rdb8 25. Rec1 Qb7 26. Bd6 Rc8 27. Be5 Bf8 28. Bd6 Bg7
29. Kh2 Ne8 30. Bc5 Bg6 31. cxd5 cxd5 32. Bb4 Rxc3 33. Qxc3 Nc7 34. a3 Nb5 35.
Qb2 Rb8 36. Qa2 Rc8 37. Qb2 Rc7 38. Bf1 Nd6 39. Rxc7 Qxc7 40. Qc3 Qb8 41. Qc6
Nf5 42. Kg2 Qa7 43. Qc8+ Kh7 44. Qc5 Qa8 45. Bb5 Bh6 46. Qc6 Qd8 47. Qe8 Nxh4+
48. gxh4 Qxh4 49. Bf8 Qh3+ 50. Kg1 g3 51. Bxh6 Qh2+ 0-1

[Event "Titled Tue 1st Jul Early"]
[Site "chess.com INT"]
[Date "2025.07.01"]
[Round "8"]
[White "Xiong, Jeffery"]
[Black "Bologan, Victor"]
[Result "1/2-1/2"]
[WhiteTitle "GM"]
[BlackTitle "GM"]
[WhiteElo "2646"]
[BlackElo "2601"]
[WhiteFideId "2047640"]
[BlackFideId "13900048"]
[EventDate "2025.07.01"]

1. e4 e5 2. Nf3 Nc6 3. Nc3 Nf6 4. d4 exd4 5. Nxd4 Bb4 6. Nxc6 bxc6 7. Bd3 d5 8.
exd5 cxd5 9. O-O O-O 10. h3 c6 11. Qf3 h6 12. Bf4 Bd6 13. Rfe1 Rb8 14. b3 Rb7
15. Rad1 Re7 16. Rxe7 Qxe7 17. Bxd6 Qxd6 18. Re1 Bd7 19. Qg3 Qxg3 20. fxg3 c5
21. Kf2 Rc8 22. g4 Kf8 23. Re5 Be6 24. Re1 a5 25. Kg3 Ke7 26. h4 g5 27. hxg5
hxg5 28. Re5 Rg8 29. Nb5 Nd7 30. Re1 Nb6 31. Bf5 Rc8 32. Re2 a4 33. Re1 d4 34.
Bxe6 fxe6 35. Rh1 axb3 36. axb3 Nd5 37. Rh7+ Kf6 38. Nd6 Ra8 39. Ne4+ Kg6 40.
Rh5 Ra2 41. Rxg5+ Kf7 42. Nxc5 Rxc2 43. Ne4 d3 44. Kf3 Re2 45. Rh5 Rxe4 46. Kxe4
d2 47. Rh1 Nc3+ 48. Ke5 d1=Q 49. Rxd1 Nxd1 50. b4 Nb2 51. b5 Nc4+ 52. Kd4 Nd6
53. b6 Nb7 54. Ke5 Kg6 55. Kxe6 Kg5 56. Kd5 Kxg4 57. Kc6 Na5+ 58. Kb5 Nb7 59.
Kc6 Na5+ 60. Kc7 Kg3 61. b7 Nxb7 62. Kxb7 Kxg2 1/2-1/2

[Event "Titled Tue 1st Jul Early"]
[Site "chess.com INT"]
[Date "2025.07.01"]
[Round "8"]
[White "Fedotov, Nikita2"]
[Black "Gelman, Alexander"]
[Result "0-1"]
[WhiteTitle "FM"]
[BlackTitle "IM"]
[WhiteElo "2278"]
[BlackElo "2403"]
[WhiteFideId "24161446"]
[BlackFideId "4118316"]
[EventDate "2025.07.01"]

1. e4 c5 2. Nf3 e6 3. c3 b6 4. d4 Bb7 5. Bd3 Nf6 6. Qe2 d5 7. e5 Nfd7 8. Be3 Nc6
9. a3 Be7 10. Nbd2 Qc7 11. b4 c4 12. Bc2 O-O-O 13. a4 f6 14. exf6 gxf6 15. O-O
Rhg8 16. Kh1 e5 17. Bf5 Kb8 18. b5 Na5 19. Bh6 Bd6 20. g3 Rde8 21. Rae1 Nb3 22.
Nxb3 cxb3 23. Qb2 Nf8 24. Qxb3 Ne6 25. Re2 Ng7 26. Bxg7 Rxg7 27. Rfe1 Rge7 28.
Nh4 a5 29. Re3 Ka7 30. Qd1 Qc4 31. Nf3 h5 32. Nh4 Qa2 33. Bb1 Qxf2 34. Rf3 Qb2
35. Re2 Qa1 36. Ra2 exd4 37. Rxa1 Re1+ 38. Rf1 Rxd1 39. Rxd1 dxc3 40. Bf5 d4+
41. Kg1 Bc5 42. Bd3 Re3 43. Ra2 Be4 44. Re2 Bxd3 45. Rxe3 dxe3 46. Re1 e2+ 47.
Kg2 c2 48. Nf3 Bb4 49. Rc1 Ba3 50. Ra1 c1=Q 51. Rxc1 Bxc1 52. Kf2 Bd2 53. Nxd2
Kb7 54. Nf3 Kc7 55. Ke3 Bc4 56. Ne1 Kd6 57. Kd4 Bb3 58. Ke3 Bd1 59. Kd4 Bxa4 60.
h3 Bxb5 61. g4 hxg4 62. hxg4 a4 63. Nc2 a3 0-1